000 01096nam a22003017a 4500
001 BR0401354
003 BR-BrBNA
005 20230928101534.0
007 ta
008 230509b bl.||||| |||| 00| 0 por d
040 _aBR-BrBNA
_bpor
_cBiblioteca Nacional de Agricultura
041 _a(Por)
072 _aL53
_b5213
090 _ 5213 BR0401354
100 1 _aLopes, B.C.
110 1 _aUniversidade Federal de Minas Gerais, Belo Horizonte (Brasil). Escola de Veterinária
_0Tese (Doutor em Ciência Animal)
245 1 _aComportamento sexual e concentração de progesterona de fêmeas zebuínas (Bos taurus indicus)em diferentes estações climáticas após: 1 - luteólise natural ou induzida, e 2 - superovulação
260 3 _aBelo Horizonte, MG (Brasil):
_c2003.
300 _a229 p.
500 _aSummaries (Eng, Por); Bibliography p. 175-193; 113 tables; 35 illus.
650 _aGADO ZEBU
650 _aREPRODUÇÃO ANIMAL
650 _aCICLO ESTRAL
650 _aCOMPORTAMENTO SEXUAL
650 _aPROGESTERONA
909 _a202309
_bLucia
_c55
_dLucia Elande
942 _cBK
999 _c66318
_d66318